| 000 | 00433nam a22001457a 4500 | ||
|---|---|---|---|
| 008 | 160930b xxu||||| |||| 00| 0 eng d | ||
| 020 | _a9781285091075 | ||
| 050 | _aHD 28 .W55 2014 | ||
| 100 | _aWilliam Chucks | ||
| 245 |
_aMGMT6/ _cChuck Williams |
||
| 300 |
_aviii, 456p. : _bill. ; _c23cm. |
||
| 650 | _aManagement | ||
| 650 |
_aAdministracion _xpublicaciones _yperiodicas |
||
| 942 |
_2lcc _cBOOKS _hHD 28 .W55 2014 |
||
| 999 |
_c14426 _d14426 |
||